Statistics for Hunger Games Top 85 Characters

Click here to take the quiz!

General Stats

  • This quiz has been taken 405 times
    (404 since last reset)
  • The average score is 41 of 85

Answer Stats

HintAnswer% Correct
5) 305Katniss Everdeen
98%
1) 1706Peeta Mellark
95%
6) 304Primrose Everdeen
89%
8) 257Rue
84%
15) 138Cato
83%
13) 195Effie Trinket
83%
3) 654Gale Hawthorne
82%
2) 801Haymitch Abernathy
81%
21) 70Thresh
81%
4) 464Finnick Odair
80%
36) 36Clove
79%
44) 28Glimmer
77%
17) 119Alma Coin
75%
10) 240Cinna
75%
35) 37Foxface
74%
14) 170Johanna Mason
72%
76) 4Marvel
72%
11) 225Beetee
69%
22) 63Mags
68%
7) 270Coriolanus Snow
67%
23) 56Wiress
67%
16) 134Boggs
66%
41) 33Brutus
66%
34) 38Enobaria
64%
12) 208Plutarch Heavensbee
64%
26) 48Annie Cresta
63%
62) 11Gloss
62%
68) 7Seneca Crane
62%
64) 10Cashmere
59%
28) 46Octavia
58%
18) 119Caesar Flickerman
56%
19) 95Cressida
54%
47) 22Flavius
54%
29) 44Madge Undersee
52%
24) 55Pollux
52%
25) 49Portia
52%
49) 21Chaff
51%
27) 47Buttercup
49%
50) 19Leeg 1
48%
83) 2Leeg 2
48%
9) 257Mrs. Everdeen
48%
79) 3Blight
47%
51) 19Castor
47%
61) 11Seeder
47%
39) 35Venia
46%
46) 26Greasy Sae
45%
31) 39Jackson
45%
80) 3Woof
44%
60) 12Posy Hawthorne
42%
73) 5Cecelia
41%
67) 8Lady
41%
59) 14Claudius Templesmith
39%
43) 30Darius
39%
38) 35Hazelle Hawthorne
39%
55) 17Paylor
36%
40) 34Tigris
36%
57) 15Mitchell
35%
66) 8Morphlings
35%
20) 93Mr. Everdeen
35%
65) 9Rory Hawthorne
35%
42) 33Mayor Undersee
33%
48) 22Messalla
33%
45) 28Romulus Thread
32%
37) 35Bonnie
31%
52) 18Homes
31%
69) 6Vick Hawthorne
30%
30) 40Delly Cartwright
29%
54) 17Maysilee Donner
29%
33) 38Twill
29%
56) 16Lavinia
25%
58) 14Peacekeeper Cray
25%
63) 11Lyme
24%
70) 6Ripper
22%
72) 5Atala
18%
32) 39Fulvia Cardew
18%
53) 17Rooba
18%
74) 5Dalton
17%
75) 5Dr. Aurelius
14%
71) 6Leevy
14%
85) 1Tax
13%
78) 4Purnia
9%
77) 4Bristel
8%
84) 2Eddy
8%
82) 2Thom
8%
81) 2Martin
6%

Score Distribution

Percentile by Number Answered

Percent of People with Each Score

Your Score History

You have not taken this quiz since the last reset